The impact of office comfort on productivity (Record no. 80046)

MARC details
000 -LEADER
fixed length control field 00984cab a22001815a 4500
001 - CONTROL NUMBER
control field L143057
008 - FIXED-LENGTH DATA ELEMENTS--GENERAL INFORMATION
fixed length control field 080404s2008 xxkad f s 000 0 eng d
035 ## - SYSTEM CONTROL NUMBER
System control number (Sirsi) u143057
041 0# - LANGUAGE CODE
Language code of text/sound track or separate title eng
100 1# - MAIN ENTRY--PERSONAL NAME
Personal name Haynes, Barry P.
245 04 - TITLE STATEMENT
Title The impact of office comfort on productivity
260 ## - PUBLICATION, DISTRIBUTION, ETC.
Date of publication, distribution, etc. 2008
490 #0 - SERIES STATEMENT
Series statement Journal of Facilities Management
Volume/sequential designation 6(1) 2008, 37-51(15)
520 ## - SUMMARY, ETC.
Summary, etc. Evaluates the effect of comfort on office occupiers' productivity. Reviews the literature which claims there is a link between physical comfort in the office and the effect on productivity of the office occupiers. Finds that evaluating office comfort is complicated. There is no agreed definition of office comfort and there is a lack of an agreed method of measurement. Argues that there is sufficient evidence to support the assertion that office comfort can affect productivity.
651 #4 - SUBJECT ADDED ENTRY--GEOGRAPHIC NAME
Geographic name United Kingdom
Chronological subdivision
690 ## - LOCAL SUBJECT ADDED ENTRY--TOPICAL TERM (OCLC, RLIN)
Topical term or geographic name as entry element PROPERTY-COMMERCIAL PROPERTY-OFFICE PROPERTY-OFFICES
942 ## - ADDED ENTRY ELEMENTS (KOHA)
Suppress in OPAC 0
Holdings
Withdrawn status Lost status Source of classification or shelving scheme Damaged status Not for loan Home library Current library Shelving location Date acquired Total Checkouts Full call number Barcode Date last seen Copy number Price effective from Koha item type
    Dewey Decimal Classification     London London Journal article 04/04/2008   L143057 143057-1001 06/08/2019 1 06/08/2019 Journal article